000 00224nam a2200097 a 4500
005 20200930065711.0
008 110719s2004 000 spa d
245 0 _aVerde sombra : drama.
260 _c[s.f.].
999 _c32038
_d32038
040 _aDO-SdBNP